| 000 | 01060nam a2200205Ii 4500 | ||
|---|---|---|---|
| 003 | JO-AjNU | ||
| 008 | 230605s9999||||xx |||||||||||||| ||und|| | ||
| 017 | _a2010/3/838 | ||
| 040 |
_aJO-AjNU _bara _erda _cJO-AjNU |
||
| 041 | _aara | ||
| 050 | 1 | 4 | _aHM 1116 .M883 2010 |
| 100 | 3 |
_aتحرير: العكروش، لبنى ؛ مشرف: انور البطيخي, _eauthor _931768 |
|
| 245 | 0 | 0 | _aدور البحث العلمي في معالجة ظاهرة العنف في الأردن : وقائع المؤتمر الثالث للبحث العلمي في الأردن، 17/11/2007 |
| 264 | 3 | 1 | _aعمان: الجمعية الاردنية للبحث العلمي، 2010 |
| 300 |
_a260ص _bعقد هذا المؤتمر برعاية سامية من جلالة الملكة رانيا العبد الله المعظمة، يحتوي على هوامش من ص 255-260ص |
||
| 336 |
_atext _btxt _2rdacontent |
||
| 337 |
_aunmediated _bn _2rdamedia |
||
| 338 |
_avolume _bnc _2rdacarrier |
||
| 650 | 4 |
_aالعنف - جوانب اجتماعية - مؤتمرات _931769 |
|
| 999 |
_aA12744 _c16312 _d16312 |
||